| 000 | 00823cam a2200217 4500 | ||
|---|---|---|---|
| 001 | L124980 | ||
| 008 | 111205n2003 000 0 eng u | ||
| 020 | _a0110908198 | ||
| 035 | _a(Sirsi) u124980 | ||
| 041 | _aeng | ||
| 245 | 4 | _aThe Council Tax (Valuation Bands) (Wales) Order 2003 | |
| 260 |
_aLondon _bHMSO _c2003 |
||
| 490 |
_aSI _v2003: 3046 |
||
| 520 | _aCame into force 30 November 2003. Sets out Council Tax valuation bands for Wales for financial years beginning on or after 1 April 2005. View at www.legislation.hmso.gov.uk/si. | ||
| 650 | _aCOUNCIL TAX | ||
| 650 | _aVALUATION BANDS | ||
| 650 | _aWALES | ||
| 690 | _aRATING AND LOCAL TAXATION | ||
| 856 |
_uhttps://www.legislation.gov.uk/legislation/wales/wsi2003/20033046e.htm _zView the Order free of charge at www.legislation.gov.uk |
||
| 942 | _n0 | ||
| 999 |
_c103327 _d103327 |
||